ARRUPE JESUIT UNIVERSITY

CORONAVIRUS -STOP THE SPREAD - CLEAN,DISINFECT,COVER

Lonergan, meaning, and method : (Record no. 128699)

MARC details
000 -LEADER
fixed length control field 01696cam a2200337 i 4500
001 - CONTROL NUMBER
control field 18912701
003 - CONTROL NUMBER IDENTIFIER
control field ARRUPE
005 - DATE AND TIME OF LATEST TRANSACTION
control field 20181204100120.0
008 - FIXED-LENGTH DATA ELEMENTS--GENERAL INFORMATION
fixed length control field 151218s2016 nyu b 001 0 eng
010 ## - LIBRARY OF CONGRESS CONTROL NUMBER
LC control number 2015049415
020 ## - INTERNATIONAL STANDARD BOOK NUMBER
International Standard Book Number 9781501318665 (HB)
020 ## - INTERNATIONAL STANDARD BOOK NUMBER
Cancelled/invalid ISBN 9781501318672 (ePub)
020 ## - INTERNATIONAL STANDARD BOOK NUMBER
Cancelled/invalid ISBN 9781501318689 (ePDF)
040 ## - CATALOGING SOURCE
Original cataloging agency DLC
Language of cataloging eng
Transcribing agency DLC
Description conventions rda
Modifying agency DLC
042 ## - AUTHENTICATION CODE
Authentication code pcc
050 00 - LIBRARY OF CONGRESS CALL NUMBER
Classification number B995.L654
Item number B38 2016
082 00 - DEWEY DECIMAL CLASSIFICATION NUMBER
Classification number 191
Edition number 23
300 ## - PHYSICAL DESCRIPTION
Dimensions 25 cm.
100 1# - MAIN ENTRY--PERSONAL NAME
Personal name Beards, Andrew,
Relator term author.
9 (RLIN) 958
245 10 - TITLE STATEMENT
Title Lonergan, meaning, and method :
Remainder of title philosophical essays /
Statement of responsibility, etc Andrew Beards.
260 ## - PUBLICATION, DISTRIBUTION, ETC. (IMPRINT)
Place of publication, distribution, etc New York
Name of publisher, distributor, etc Bloomsbury Academic
Date of publication, distribution, etc 2016
300 ## - PHYSICAL DESCRIPTION
Extent xii, 287 pages
504 ## - BIBLIOGRAPHY, ETC. NOTE
Bibliography, etc Includes bibliographical references (pages 269-275) and index.
505 0# - FORMATTED CONTENTS NOTE
Formatted contents note Generalized empirical method -- Knowledge and our limits: Lonergan and Williamson -- Aesthetics: insights from Eldridge, Aquinas and Lonergan -- Cartwright, critical realism, and the laws of science -- Scott Soames on meaning: a critical realist response -- Lonergan on meaning.
600 10 - SUBJECT ADDED ENTRY--PERSONAL NAME
Personal name Lonergan, Bernard J. F.
9 (RLIN) 43755
776 08 - ADDITIONAL PHYSICAL FORM ENTRY
Display text Online version:
Main entry heading Beards, Andrew, author.
Title Lonergan, meaning, and method
Place, publisher, and date of publication New York : Bloomsbury Academic, 2016
International Standard Book Number 9781501318672
Record control number (DLC) 2016005829
906 ## - LOCAL DATA ELEMENT F, LDF (RLIN)
a 7
b cbc
c orignew
d 1
e ecip
f 20
g y-gencatlg
942 ## - ADDED ENTRY ELEMENTS (KOHA)
Source of classification or shelving scheme Library of Congress Classification
Koha item type Monograph ( Printed materials)
Holdings
Withdrawn status Lost status Source of classification or shelving scheme Damaged status Not for loan Collection code Home library Current library Shelving location Date acquired Total Checkouts Full call number Barcode Date last seen Date checked out Price effective from Koha item type
    Library of Congress Classification     Main Collection ARRUPE LIBRARY ARRUPE LIBRARY Main Collection 04/12/2018 1 B995.L654 B38 2016 46600002718 26/03/2019 13/03/2019 04/12/2018 Monograph ( Printed materials)

 

Arrupe Library. PO Box MP320 Mt Pleasant, Harare, Zimbabwe
263 242 745411|librarian@aju.ac.zw